000 00265nam a2200109Ia 4500
008 200302s9999 xx 000 0 und d
100 _aAnupama Kundoo
245 _aRoger Anger Research On Beauty
260 _bJovis Verlag Gmbh
260 _c2009
300 _a191 P.,
999 _c2788
_d2788